| 000 | 00362 a2200121 4500 | ||
|---|---|---|---|
| 000 | nam a22 7a 4500 | ||
| 005 | 20251127154801.0 | ||
| 020 | _a9789642542925 | ||
| 100 |
_aArdkani, Mohammad Raza Shams _9853303 |
||
| 245 | _aFehar satwarah Mashriq nuskha hai khati pazshaki-o-uloom-o-basta dar kitabkhana hai Iran | ||
| 260 |
_bChaugan _c2014 |
||
| 942 | _cTB | ||
| 999 |
_c1465625 _d1465625 |
||